Musical Terms - 1 (A-C) - Statistics

General Stats
  • This quiz has been taken 43 times
  • The average score is 7 of 22
Answer Stats
Hint Answer % Correct
Animato/Animé Animated, lively
73%
Agitato Agitated
68%
Allegro moderato Moderately fast
50%
Adagio Slow
45%
Andante Walking Pace
45%
Andatino Slightly faster than andante
41%
Con, col With
41%
Cantando Singingly
36%
Allargando Broadening
27%
Amabile Pleasant
27%
Brio Vigour
27%
Ben Well
27%
Comodo Comfortable speed
23%
Cantabile In a singing style
23%
Affettuoso Tenderly
23%
Assai Very
23%
Allegro assai Very Fast
23%
Allegretto Fairly Quick
14%
Attacca Go immediately to next section
14%
Alla breve With a minim beat
14%
Al, alla In the style of
9%
Come As, similar to
0%
No matching quizzes found
Score Distribution
Percent of People with Each Score
Percentile by Number Answered
Your Score History
You have not taken this quiz